|
|
|
|
| LEADER |
00000nbm0a2200000 4500 |
| 001 |
79491 |
| 005 |
20231031094304.0 |
| 035 |
|
|
|a (RuTPU)RU\TPU\book\85461
|
| 090 |
|
|
|a 79491
|
| 100 |
|
|
|a 20050818d1978 k y0rusy50 ca
|
| 101 |
0 |
|
|a rus
|
| 102 |
|
|
|a RU
|
| 105 |
|
|
|a a m 001zy
|
| 200 |
1 |
|
|a Исследование пассивных методов управления траекторией движения сильноточных релятивистских электроннных пучков
|e диссертация на соискание ученой степени кандидата технических наук
|e спец. 05.09.04
|f А. И. Рябчиков
|g Томский политехнический институт (ТПИ), Научно-исследовательский институт ядерной физики (НИИ ЯФ) ; науч. рук. А. Н. Диденко
|
| 210 |
|
|
|a Томск
|c [Б. и.]
|d 1978
|
| 215 |
|
|
|a 156 л.
|c ил.
|
| 320 |
|
|
|a Библиогр.: с. 142-154 (109 назв.)
|
| 610 |
1 |
|
|a диссертации
|
| 610 |
1 |
|
|a исследование
|
| 610 |
1 |
|
|a пассивные методы
|
| 610 |
1 |
|
|a методы управления
|
| 610 |
1 |
|
|a траектории движения
|
| 610 |
1 |
|
|a сильноточные электронные пучки
|
| 610 |
1 |
|
|a релятивистские пучки
|
| 610 |
1 |
|
|a ускорительная техника
|
| 610 |
1 |
|
|a наносекундный ускоритель
|
| 610 |
1 |
|
|a газовые лазеры
|
| 610 |
1 |
|
|a труды учёных ТПУ
|
| 675 |
|
|
|a 621.384.6(048)
|v 3
|
| 686 |
|
|
|a 05.09.04
|2 oksvnk
|
| 700 |
|
1 |
|a Рябчиков
|b А. И.
|c физик
|c профессор Томского политехнического университета, доктор физико-математических наук
|f 1950-
|g Александр Ильич
|2 stltpush
|3 (RuTPU)RU\TPU\pers\22006
|
| 702 |
|
1 |
|a Диденко
|b А. Н.
|c российский ученый, физик
|c профессор, зав. кафедрой физико-энергетических установок Томского политехнического университета
|f 1932-
|g Андрей Николаевич
|2 stltpush
|3 (RuTPU)RU\TPU\pers\19779
|4 727
|
| 712 |
0 |
2 |
|a Томский политехнический институт (ТПИ)
|b Научно-исследовательский институт ядерной физики (НИИ ЯФ)
|c (1975-1998)
|2 stltpush
|3 (RuTPU)RU\TPU\col\11922
|
| 801 |
|
1 |
|a RU
|b 63413507
|c 20050818
|g PSBO
|
| 801 |
|
2 |
|a RU
|b 63413507
|c 20130429
|g PSBO
|
| 942 |
|
|
|c BK
|